Race et histoire /

Uloženo v:
Podrobná bibliografie
Hlavní autor: Lévi-Strauss, Claude, 1908-
Další autoři: Pouillon, Jean
Médium: Kniha
Jazyk:French
Vydáno: Paris : Editions Gonthier, 1961.
Edice:Bibliothèque Médiations ;
Témata:
LEADER 00888nam a22002411 4500
001 c000345825
003 CARM
005 00000000000000.0
008 851003s1961 fr 0 fre d
019 1 |a 3965035  |5 LACONCORD2021 
035 |a (OCoLC)25442224  |5 LACONCORD2021 
100 2 |a Lévi-Strauss, Claude,  |d 1908- 
245 1 0 |a Race et histoire /  |c suivi de L'Oeuvre de Claude Levy-Strauss par J.Pouillon. 
260 |a Paris :  |b Editions Gonthier,  |c 1961. 
490 0 |a Bibliothèque Médiations ; 
600 2 0 |a Lévi-Strauss, Claude,  |d 1908- 
650 0 |a Race. 
650 0 |a Civilization  |x History. 
700 1 |a Pouillon, Jean. 
852 8 |b CARM  |h A1:AP04G0  |i A04536  |p 0404753  |f BK 
082 0 4 |a 301.451 
999 f f |i e373c5df-65ea-5bbc-96e9-06c7fbd22775  |s e58eefd4-2aac-5632-a1f5-f92d6efb6aca 
952 f f |p Can circulate  |a CAVAL  |b CAVAL  |c CAVAL  |d CARM 1 Store  |e A04536  |f A1:AP04G0  |h Other scheme  |i book  |m 0404753